• 首页
  • 本馆介绍
  • 公告通知
  • 最新文献
  • 馆藏检索
  • 电子资源
  • 读者导购
  • 参考咨询
  • 我的图书馆
  • 登录
  • 详细信息显示
  • 放入我的书架
  • 预约/预借图书
  • 作者相关作品
  • 分类相关作品
  • 丛书相关作品
  • 出版社相关作品

书目信息

  • 表格格式
  • 工作单格式
  • 卡片格式
题名:
省时简便菜谱600例
    
 
作者: 江帆 , 黄沙 编著
分册:  
出版信息: 北京   中国轻工业出版社  1993.8
页数: 234页
开本: 19cm
丛书名:
单 册:
中图分类: TS972.1
科图分类: 85.931
主题词: 菜谱--中国
电子资源:
ISBN: 7-5019-1489-3
000 00767n|m0 2200265 450
001 0102543855
005 20121109170000.0
010    @a7-5019-1489-3@dCNY6.50
011    @a7-5019-1489-3
100    @a19940304d1993 em y0chiy0110 ea
101 0  @achi
102    @aCN@b110000
105    @ay z 000yy
135    @adrbn ---auuuu
200 1  @a省时简便菜谱600例@9Sheng;Xing Shi Jian Bian;Pian Cai Pu 6 0 0 Li @f江 帆,黄 沙编著@b电子资源.图书
210    @a北京@c中国轻工业出版社@d1993.8
215    @a234页@d19cm
325    @a电子复制品
606 0  @a菜谱@y中国
690    @aTS972.1@v三版
692    @a85.931
701  0 @a江帆@9jiang fan@4编著
701  0 @a黄沙@9huang sha@4编著
801  0 @aCN@bAZmarc@c20230903
905    @dTS972.1@e293@f15@sTS972.1/293@aBZT
    
    省时简便菜谱600例/江 帆,黄 沙编著[电子资源.图书].-北京:中国轻工业出版社,1993.8
    234页;19cm
    
    
    ISBN 7-5019-1489-3:CNY6.50
    
●
相关链接 在五车中查询图书 在当当中查询图书 在豆瓣中查询图书


正题名:省时简便菜谱600例     索取号:TS972.1/293         预约/预借

序号 登录号 条形码 馆藏地/架位号 状态 备注
1 2000106641   2000106641   旧书回溯/ [索取号:TS972.1/293] 在馆    
2 2000106642   2000106642   旧书回溯/ [索取号:TS972.1/293] 在馆    
3 2000106643   2000106643   旧书回溯/ [索取号:TS972.1/293] 在馆    
4 2000106644   2000106644   旧书回溯/ [索取号:TS972.1/293] 在馆    
5 2000106645   2000106645   旧书回溯/ [索取号:TS972.1/293] 在馆    
6 2000106646   2000106646   旧书回溯/ [索取号:TS972.1/293] 在馆    
7 2000106647   2000106647   旧书回溯/ [索取号:TS972.1/293] 在馆    
8 2000106648   2000106648   旧书回溯/ [索取号:TS972.1/293] 在馆    
9 2000106649   2000106649   旧书回溯/ [索取号:TS972.1/293] 在馆    
10 2000106650   2000106650   旧书回溯/ [索取号:TS972.1/293] 在馆    
11 2000106651   2000106651   旧书回溯/ [索取号:TS972.1/293] 在馆    
12 2000106652   2000106652   旧书回溯/ [索取号:TS972.1/293] 在馆    
13 2000106653   2000106653   旧书回溯/ [索取号:TS972.1/293] 在馆    
14 2000106654   2000106654   旧书回溯/ [索取号:TS972.1/293] 在馆    
15 2000106655   2000106655   旧书回溯/ [索取号:TS972.1/293] 在馆    
山东省滨州职业学院图书馆 欢迎您!
大连网信软件有限公司© 版权所有